00263nam a2200121Ia 45000030006000000080041000060400015000471000022000622450019000842600009001035460012001120050017001240STCL150530s9999 xx 000 0 und d aSTCLcSTCL aCherian Jacob, K. aMadras Bananas c1952 aEnglish20220125170343.0